| 000 | 00421nam a2200169Ia 4500 | ||
|---|---|---|---|
| 008 | 221030s9999 xx 000 0 und d | ||
| 020 | _a8180546082 | ||
| 041 | _aEnglish | ||
| 082 | _a105.23 | ||
| 100 | _aC. B. Gupta | ||
| 245 | 0 |
_aMarketing Management _cby C. B. Gupta, N. R. Nair |
|
| 260 |
_bSultan chand & Sons _aNew Delhi _c2009 |
||
| 300 | _a20.26 | ||
| 650 | _aManagement | ||
| 700 | _aN. R. Nair | ||
| 942 | _cBK | ||
| 999 |
_c9173 _d9173 |
||